Sobre el estado de las cárceles españolas, francesas y suizas (Record no. 85903)

MARC details
000 -LEADER
campo de control de longitud fija 00877nam a2200193 i 4500
001 - NÚMERO DE CONTROL
campo de control 85903
003 - IDENTIFICADOR DE NÚMERO DE CONTROL
campo de control ES-MaACL
005 - FECHA Y HORA DE LA ÚLTIMA TRANSACCIÓN
campo de control 20230906175331.0
007 - CAMPO FIJO DE DESCRIPCIÓN FÍSICA--INFORMACIÓN GENERAL
campo de control de longitud fija t|
008 - DATOS DE LONGITUD FIJA--INFORMACIÓN GENERAL
campo de control de longitud fija 041202 1924 sp ||||1| spa d
100 1# - ENTRADA PRINCIPAL--NOMBRE DE PERSONA
Nombre de persona Kehrli, Otto.
9 (RLIN) 67726
245 10 - MENCIÓN DEL TÍTULO
Título Sobre el estado de las cárceles españolas, francesas y suizas
Resto del título : publicadas en la "Revista Suiza de Derecho Penal" (198 ss.) /
Mención de responsabilidad, etc. por.. Otto Kehrli ; traducción directa del alemán por Eugenio Tarragato expresamente autorizado en Berna por el autor para su publicación en la Revista de los Tribunales.
260 ## - PUBLICACIÓN, DISTRIBUCIÓN, ETC.
Lugar de publicación, distribución, etc. Madrid :
Nombre del editor, distribuidor, etc. [s.n.],
Fecha de publicación, distribución, etc. [1924?]
300 ## - DESCRIPCIÓN FÍSICA
Extensión 11 p. ;
Dimensiones 20 cm.
650 #4 - PUNTO DE ACCESO ADICIONAL DE MATERIA--TÉRMINO DE MATERIA
Término de materia o nombre geográfico como elemento de entrada Establecimientos penitenciarios-
Subdivisión geográfica España.
9 (RLIN) 145832
650 #4 - PUNTO DE ACCESO ADICIONAL DE MATERIA--TÉRMINO DE MATERIA
Término de materia o nombre geográfico como elemento de entrada Establecimientos penitenciarios-
Subdivisión geográfica Francia.
9 (RLIN) 143319
700 1# - ENTRADA AGREGADA--NOMBRE PERSONAL
Nombre de persona Tarragato, Eugenio.
9 (RLIN) 109323
852 ## - LOCALIZACIÓN
Ubicación ES-MaACL
Número de control de estantería 1665-F-8
Nota libre .- Ded. manuscrita del traductor
Holdings
Estatus retirado Estado de pérdida Estado de daño No para préstamo Colección Biblioteca de origen Biblioteca actual Ubicación en estantería Fecha de adquisición Fuente de adquisición Total de préstamos Signatura topográfica completa Código de barras Visto por última vez Precio de reemplazo Tipo de ítem Koha
        Colección de folletos Biblioteca del Ateneo de Madrid Biblioteca del Ateneo de Madrid Depósito folletos 17/01/2008     1665-F-8 1089768 23/02/2023 23/02/2023 Folleto